000 00553nam a2200205Ia 4500
005 20250326144704.0
008 250326s9999 xx 000 0 und d
037 _aTextbook
040 _aFMSL
_beng
_cFMSL
041 _aeng
_2eng
084 _aX:8 P1
_qFMSL
100 _aElliott D
_9750003
245 0 _aBusiness continuity management
_cElliott D And Others
250 _a2
260 _aLondon
_bLondon, Routledge
_c2010
365 _b6772.5500000000002
650 _aManagement
942 _cTB
_hX:8 P1
999 _c1304631
_d1304631